00652cam a2200217 4500001001300000003000400013005001700017008004100034010002500075025001900100050001800119082001900137100006100156245005900217260003700276300002500313350000900338504003100347600003900378999001700417sa 68013028 DLC20260227112618.0691110s1968 ii b 00010 eng  asa 68013028 /MN/r883 aPL480:I-E-97610 aML410.T98bK80 a784/.092/421910aKrishnaswamy, S. Y.q(Sucheendrum Yegnanarayana),d1906-10aThyagaraja: saint and singerc[by] S. Y. Krishnaswamy.0 aBombay,bOrient Longmansc[1968] aviii, 200 p.c22 cm. a8.00 aBibliographical footnotes.00aTyāgarāja,cSwami,d1767-1847. c84899d84899